00776naa a2200193 a 450000100080000000500110000800800410001910000170006024501360007726000090021352001350022265300110035765300170036870000260038570000180041170000180042970000210044777301140046811231412015-02-25 1998 bl uuuu u00u1 u #d1 aPILARSKI, F. aIncid??ncia de Pat??genos de Carpa Comum (Cyprinus carpio) Procedentes de Cultivo Integrado ?? Suinocultura.h[electronic resource] c1998 aO trabalho descreve a incid??ncia de Pat??genos de Carpa Comum (Cyprinus carpio) Procedentes de Cultivo Integrado ?? Suinocultura. apeixes apiscicultura1 aTOMAZELLI J??NIOR, O.1 aCASACA, J. M.1 aTOMAZELLI, I.1 aGARCIA, F. R. M. tIn: SEMIN??RIO INTEGRADO DE INCIA????O CIENT??FICA, 4., 1998, Blumenau. Anais... Blumenau: FURB, 1998. p. 219